الأنصاف في مسائل الخلاف بين النحوين البصريين والكوفيين / (رقم التسجيلة. 1253)
[ عرض عادي ]
| 000 -الفاتح | |
|---|---|
| حقل البيانات ثابتة الطول | 01219cam a2200253a 44500 |
| 003 - محدد رقم الضبط | |
| رقم الضبط | OSt |
| 005 - وقت وتاريخ اخر تعامل مع التسجيلة | |
| رقم الضبط | 20150408113726.0 |
| 008 - عناصر البيانات ثابتة الطول - معلومات عامة | |
| حقل البيانات ثابتة الطول | 030315s1961 ua g 00000 ara dd |
| 040 ## - مصدر الفهرسة | |
| وكالة الفهرسة الأصلية | SA-RiAUC |
| لغة الفهرسة | ara |
| وكالة النسخ | SA-RiAUC |
| 041 ## - رمز اللغة | |
| رمز لغة النص/ المسارات الصوتية أو العنوان الانفرادي | عربي |
| 072 0# - رمز الفئه الموضوعية | |
| رمز فئه الموضوع | 045 |
| مجموعة رمز فئه الموضوع | اللغة العربية |
| 082 04 - رقم تصنيف ديوى العشرى | |
| رقم التصنيف | 415.3 |
| 092 ## - رقم استدعاء ديوى المحلى | |
| رقم التصنيف | 415.3 |
| رقم المادة | ا ك ا |
| 100 1# - المدخل الرئيسى - إسم شخصى | |
| الإسم الشخصى | الأنباري، عبد الرحمن بن محمد بن عبيد الله، |
| التواريخ المصاحبة للاسم | 513-577 هـ. |
| 9 (RLIN) | 1138 |
| 245 12 - بيان العنوان | |
| العنوان | الأنصاف في مسائل الخلاف بين النحوين البصريين والكوفيين / |
| بيان المسئوليه,etc | تأليف كمال الدين أبي البركات الأنباري. ومعه، كتاب الانتصاف من الأنصاف / تأليف محيى الدين عبد الحميد. |
| 250 ## - بيان الطبعة | |
| بيان الطبعة | ط. 4. |
| 260 ## - PUBLICATION, DISTRIBUTION, ETC. (IMPRINT) | |
| مكان الناشر او الموزع | القاهرة |
| اسم الناشر او الموزع | دار إحياء التراث العربي، |
| تاريخ النشر أو التوزيع | 1380 = 1961 |
| 300 ## - الوصف المادى | |
| التعداد | 2 مج. (880 ص.) ؛ |
| أبعاد الوعاء | 23 سم. 7 |
| 650 ## - المدخل الاضافى بالموضوع-مصطلح موضوعى | |
| مصطلح موضوعي أو اسم جغرافي كعنصر مدخل | اللغة العربية |
| التقسيم الفرعي العام | النحو |
| مصدر الرأس أو المصطلح | aucsh. 7 |
| 650 ## - المدخل الاضافى بالموضوع-مصطلح موضوعى | |
| مصطلح موضوعي أو اسم جغرافي كعنصر مدخل | اللغويون العرب |
| التقسيم الفرعي الشكلي | تراجم |
| مصدر الرأس أو المصطلح | aucsh.12 |
| 9 (RLIN) | 32 |
| 700 ## - المدخل الاضافى - اسم شخصى | |
| الإسم الشخصى | عبد الحميد، محمد محيى الدين |
| عنوان العمل | الانتصاف من الأنصاف.22 |
| 9 (RLIN) | 1139 |
| 740 ## - المدخل الاضافى - عنوان مرتبط/تحليلى غير مقيد | |
| العنوان التحليلي/ الرابط غير مقيد | الانتصاف من الأنصاف.\\ |
| 942 ## - عناصر المدخل الإضافي( كوها) | |
| مصدر التصنيف او مخطط الترفيف | Dewey Decimal Classification |
| Koha [default] item type | كتاب |
| حالة الفقد | نموذج السعر الفعال | حالة تلف | ليس للاعارة | رقم الطلب | تاريخ الاكتساب | الموقع الحالي | الباركود | الفرع الرئيسي | Date last seen | نوع المادة فى نظام كوها | مصدر التصنيف او خطة الترفيف | Total Checkouts | Date last checked out |
|---|---|---|---|---|---|---|---|---|---|---|---|---|---|
| 2013-03-10 | 415.3 ج1 ا ع ا | 2011-07-20 | مكتبة مجمع الطالبات بالمجمعة (EMF) | 00504278 | مكتبة مجمع الطالبات بالمجمعة (EMF) | 2013-03-10 | كتاب | Dewey Decimal Classification | |||||
| 2013-03-10 | 415.3 ج2 ا ع ا | 2011-07-27 | مكتبة مجمع الطالبات بالمجمعة (EMF) | 00022815 | مكتبة مجمع الطالبات بالمجمعة (EMF) | 2021-09-19 | مراجع | Dewey Decimal Classification | 2 | 2021-09-19 | |||
| 2013-03-10 | 415.3 ج2 ا ع ا | 2011-09-02 | مكتبة مجمع الطالبات بالمجمعة (EMF) | 00504279 | مكتبة مجمع الطالبات بالمجمعة (EMF) | 2013-03-10 | كتاب | Dewey Decimal Classification | |||||
| 2013-03-10 | 415.3 ا ع ا | 2011-09-02 | مكتبة مجمع الطالبات بالمجمعة (EMF) | 00017178 | مكتبة مجمع الطالبات بالمجمعة (EMF) | 2013-03-10 | كتاب | Dewey Decimal Classification | |||||
| 2024-02-19 | 415.3 ا ع ا | 2024-02-19 | مكتبة مجمع الطالبات بالمجمعة (EMF) | 00504280 | مكتبة مجمع الطالبات بالمجمعة (EMF) | 2024-02-19 | كتاب | Dewey Decimal Classification |
